书目信息 |
| 题名: |
光辐射测量原理和方法
|
|
| 作者: | 薛君敖 编 | |
| 分册: | ||
| 出版信息: | 北京 计量出版社 1981.3 |
|
| 页数: | 429页 | |
| 开本: | 20cm | |
| 丛书名: | ||
| 单 册: | ||
| 中图分类: | TB96 | |
| 科图分类: | ||
| 主题词: | 光学--计量 | |
| 电子资源: | ||
| ISBN: | ||
| 000 | 00537nam0 2200193 45 | |
| 001 | 0312221749 | |
| 005 | 20031222170910.0 | |
| 010 | @dCNY1.80 | |
| 100 | @a20031222d1981 km y0chiy0120 ea | |
| 101 | @achi | |
| 105 | @a z 000yy | |
| 200 | 1 | @a光辐射测量原理和方法@AGuang Fu She Ce Liang Yuan Li He Fang Fa@f薛君敖编@FXue Jun Ao Bian |
| 210 | @a北京@c计量出版社@d1981.3 | |
| 215 | @a429页@d20cm | |
| 606 | 0 | @a光学@x计量 |
| 690 | @aTB96@v3 | |
| 701 | 0 | @a薛君敖@4编 |
| 801 | @aCN@bTSTCL@c20031222 | |
| 905 | @a213230@dTB96@e13@b74172@f1 | |
| 光辐射测量原理和方法/薛君敖编.-北京:计量出版社,1981.3 |
| 429页;20cm |
| ISBN :CNY1.80 |
| ● |
| 相关链接 |
|
|
|
|
正题名:光辐射测量原理和方法
索取号:TB96/13
 
预约/预借
| 序号 | 登录号 | 条形码 | 馆藏地/架位号 | 状态 | 备注 |
| 1 | 0074172 | 001361644 | 第二样本阅览室/ [索取号:TB96/13] | 在馆 |